American Universities - Map Quiz #2 - Statistics

General Stats
  • This quiz has been taken 135 times
  • The average score is 13 of 20
Answers on the Map
Answers color-coded by a green-red scale on the quiz's map according to % correct below.
 
Answer Stats
Answer % Correct
Princeton University
91%
Dartmouth College
88%
Yale University
85%
Auburn University
79%
Appalachian State University
78%
Clemson University
76%
Kent State University
69%
Marquette University
67%
Pepperdine University
67%
United States Military Academy
64%
Ball State University
62%
Creighton University
59%
Marshall University
54%
Xavier University
53%
Drake University
50%
Prairie View A&M University
50%
Weber State University
50%
Bethune-Cookman University
49%
Belmont University
48%
Grambling State University
48%
No matching quizzes found
Score Distribution
Percent of People with Each Score
Percentile by Number Answered
Your Score History
You have not taken this quiz